Online Catalogue and eLibrary

Ecofeminism (Record no. 1484)

MARC details
000 -LEADER
fixed length control field 00552nam a2200229Ia 4500
005 - DATE AND TIME OF LATEST TRANSACTION
control field 20250127012315.0
008 - FIXED-LENGTH DATA ELEMENTS--GENERAL INFORMATION
fixed length control field 240331s9999 xx 000 0 und d
020 ## - INTERNATIONAL STANDARD BOOK NUMBER
ISBN 1856491552
020 ## - INTERNATIONAL STANDARD BOOK NUMBER
ISBN 1895686288
082 ## - DDC Classification
Item Number - Author Mark MIE
DDC Edition Number 4007
Class No. 304.2
100 ## - MAIN ENTRY--PERSONAL NAME
Personal name Mies, M
100 ## - MAIN ENTRY--PERSONAL NAME
Personal name Shiva, V
245 #0 - TITLE STATEMENT
Title Ecofeminism
260 ## - PUBLICATION, DISTRIBUTION, ETC.
Place of publication, distribution, etc. Nova Scotia
Name of publisher, distributor, etc. Fernwood Publications
Date of publication, distribution, etc. 1993
260 ## - PUBLICATION, DISTRIBUTION, ETC.
Place of publication, distribution, etc. London
-- New Jersey
Name of publisher, distributor, etc. Zed Books
Date of publication, distribution, etc. 1993
300 ## - PHYSICAL DESCRIPTION
Extent (e.g. Volumes, Pages etc.) 328 p.,
650 ## - SUBJECT ADDED ENTRY--TOPICAL TERM
Topical term or geographic name entry element Feminism
650 ## - SUBJECT ADDED ENTRY--TOPICAL TERM
Topical term or geographic name entry element Development
650 ## - SUBJECT ADDED ENTRY--TOPICAL TERM
Topical term or geographic name entry element Women
650 ## - SUBJECT ADDED ENTRY--TOPICAL TERM
Topical term or geographic name entry element Technology
942 ## - Koha item type (Biblio)
Koha item type Books in Stacks (Lending)
Holdings
Lost status Damaged status Collection code Home library Current library Shelving location Date acquired Full call number Accession Number Item type
    Lending WERC Library WERC Library Social Science Cupboard 03/31/2024 304.2 MIE 4007 Books in Stacks (Lending)

© WERC Library